Waluty Afryki - Statystyki

Ogólne statystyki
  • Ten quiz został rozwiązany 12 razy
  • Średni wynik to 40 z 108
Statystyki odpowiedzi
Państwo Waluta % Poprawnych
Liberia | Namibia | Zimbabwe dolar
100%
Algieria | Libia | Tunezja dinar
88%
Benin | Burkina Faso | Burundi | +18 others frank
88%
Egipt | Sudan | Sudan Południowy funt
88%
Libia | Maroko dirham
50%
RepublikaPołudniowej Afryki rand
50%
Kenia | Somalia | Tanzania | Uganda szyling
50%
Mauritius | Seszele rupia
38%
Erytrea | Eswatini | Etiopia | +9 others cent
25%
Sierra Leone leone
25%
Madagaskar ariary
13%
Etiopia birr
13%
Gambia butut
13%
Ghana cedi
13%
Mozambik | Republika ZielonegoPrzylądka | Wyspy ŚwiętegoTomasza i Książeca centavos
13%
Algieria | Benin | Burkina Faso | +20 others centym
13%
Wyspy ŚwiętegoTomasza i Książeca dobra
13%
Republika ZielonegoPrzylądka escudo
13%
Nigeria kobo
13%
Malawi | Zambia kwacha
13%
Angola kwanza
13%
Angola lwei
13%
Tunezja milim
13%
Nigeria naira
13%
Erytrea nakfa
13%
Zambia ngwee
13%
Ghana pesewa
13%
Egipt piastr
13%
Sudan | Sudan Południowy piastr / milim
13%
Botswana pula
13%
Malawi tambala
13%
Botswana thebe
13%
Mauretania ugija
13%
Gambia dalasi
0%
Madagaskar iraimbilanja
0%
Mauretania khoum
0%
Eswatini lilangeni
0%
Lesotho lisente / sente
0%
Lesotho loti
0%
Mozambik metical
0%
Nie znaleziono quizów pasujących do podanych kryteriów
Rozkład punktacji
Procent ludzi z każdym wynikiem
Percentyl według liczby udzielonych odpowiedzi
Twoja historia wyników
Nie rozwiązałeś tego quizu